000 00517nam a2200193Ia 4500
005 20250508154922.0
008 008 250505s9999 xx 000 0 eng d
037 _aTextual
040 _aFEDL
_beng
_cFEDL
041 _aeng
_2eng
084 _a020, GID
_qFEDL
100 _aGidwani N N Ed.
245 0 _aFoundations of library science
260 _aBombay, India
_bHans Publishers
_c1968
300 _a159p.
650 _aLibrary Science
942 _cTEXL
_h020, GID
999 _c1352815
_d1352815